000 01463pac a2200421 i 4500
001 vtls000885289
003 PNM
005 20200914121650.0
008 190911t20192019my e a000 0 may
015 _aM191-03490
020 _a9789832718765
_qpaperback
_cRM 45.00
039 9 _a202006101529
_brosliza
_c201912161110
_dfatin_e
_c201911211218
_dben
_c201911200929
_dben
040 _aBNM
_beng
_cBNM
_erda
_dPPAK
049 _amal
082 0 4 _a297.28
_223
090 0 0 _a297.28
_bISL
_dG
245 0 0 _aIslam dan Hubungan Antara Penganut Agama /
_cDisunting oleh: Azizan binti Baharuddin, Enizahura binti Abdul Aziz, Mohd Amiruddin bin Kamarulzaidi
264 1 _aKuala Lumpur :
_bInstitut Kefahaman Islam Malaysia (IKIM),
_c[2019]
264 4 _c©2019
300 _axiv, 293 pages ;
_c23 cm.
336 _atext
_2rdacontent
337 _aunmediated
_2rdamedia
338 _avolume
_2rdacarrier
500 _aIncludes index
500 _aContains verses from the Qur'an
504 _aIncludes bibliographical references
650 1 0 _aIslam
_xRelations
650 2 0 _aReligious pluralism
_zMalaysia
650 2 0 _aReligions
_xRelations
650 2 0 _aGovernment publications
_zMalaysia
700 0 _aAzizan Baharuddin,
_cDatin, Prof., Dr.,
_eeditor.
700 0 _aEnizahura Abdul Aziz,
_d1975-
_eeditor.
700 0 _aMohd. Amiruddin Kamarulzaidi,
_eeditor.
942 _2ddc
_cB
949 _62000646969
949 _62000646968
949 _62000646967
999 _c178974
_d178974